Results

Below are the most and least guessed answers to the given questions, as well as how your score stacks up against everyone else who took this quiz.
Play Again

The My Little Pony: Friendship is Magic Characters (pic) Quiz has been played 16,821 times (1 today)
# Character % Correct
1Princess Luna
93.1%
2Princess Celestia
91.5%
55Rainbow Dash
86.6%
57Applejack
85.2%
59Fluttershy
84.2%
56Pinkamena Diane Pie
83.9%
58Twilight Sparkle
83.8%
60Rarity
82.9%
66Spike
82%
69Apple Bloom
81%
16Derpy Hooves
78.4%
70Scootaloo
76.9%
63Big Macintosh
76.8%
4Owlowiscious
76.5%
51Zecora
74%
62Granny Smith
73.6%
65Angel
73.3%
64Gummy
73.2%
10Gilda
72.6%
29The Great and Powerful Trixie
71.8%
52Mrs. Cup Cake
71.1%
53Mr. Carrot Cake
70.8%
68Sweetie Belle
70.8%
3Hydra
70.6%
54The Mayor
70.4%
40Snails
68.7%
6Parasprite
68.6%
21DJ P0N-3
66.3%
39Snips
66.3%
17Spitfire
65.5%
19Prince Blueblood
64.4%
50Time Turner
64.2%
44Diamond Tiara
63.8%
45Silver Spoon
63.4%
14Fido
63.3%
15Spot
62.9%
# Character % Correct
13Rover
62.9%
67Opalescence
62.8%
43Photo Finish
62.1%
31Heartstrings
61.7%
30*Bon-Bon
60.8%
20*Octavia
60.7%
5Philomena
60.5%
22Shadowbolts
59.9%
27Royal Guards
58.5%
18Soarin'
58.3%
8Manticore
57.4%
28Twist
56.1%
61Cheerilee
55.4%
71Winona
55.1%
38Golden Harvest
52.9%
9Sea Serpent
52.6%
24Braeburn
52.5%
37*Colgate
50.8%
48Rose
49.2%
42Hoity-Toity
48.9%
41Sapphire Shores
45.8%
23Little Strongheart
44%
36*Berryshine
43.8%
12Chief Thunderhooves
42%
46Daisy
40.4%
32*Aloe
39.6%
47*Lily
39.1%
72Cockatrice
39%
11*Ace
38.9%
34Pony Joe
36.6%
25Sheriff Silverstar
35.9%
33*Lotus
35.6%
7*Pokey Pierce
34.1%
26*Dumb-Bell, Hoops, and Score
33.1%
35*Horte Cuisine
25.5%
49*Rainbow Day
22%
 
Number % Answered
72 (all)
10.6%
67-71
11.1%
62-66
9.1%
57-61
9%
52-56
7.3%
47-51
7%
42-46
5.5%
37-41
5.4%
32-36
4.9%
27-31
4.3%
22-26
4.1%
17-21
3.5%
12-16
3.3%
7-11
3.8%
2-6
8.6%
1-1
2.5%

You might also like these games:
Lost Characters by their EyesMario Character Line-UpHair in Television
There are 41 comments for this game.
(Warning: comments may contain spoilers)

My Little Pony: Friendship is Magic Characters (pic) Quiz

  1. by BartonFink
  • Created Jul 20, 2011 in Television
  • Game Plays 16,821

Remember, Sporcle is now...

Friend Scores and Standings

Loading friend results....